| 000 | 00973nam0a22002651 4500 | ||
|---|---|---|---|
| 001 | rc\213445 | ||
| 005 | 20250620234138.0 | ||
| 035 | _a(NLR Aleph) 005462753 | ||
| 090 |
_a4971265 _c4971265 |
||
| 100 | _a20030307d1993 |||y0rusy50 ca | ||
| 101 | 0 | _arus | |
| 102 | _aRU | ||
| 105 | _ay ||||||||| | ||
| 200 | 1 |
_aЛихорадка неясного происхождения _fР.В. Юнусов, И.Г. Салихов, С.З. Габитов _gКазан. гос. мед. ин-т им. С.В. Курашова |
|
| 210 |
_aКазань _cКГМИ _d1993 |
||
| 215 |
_a91, [2] с. _d20 |
||
| 320 | _aБиблиогр.: с. 90-92 | ||
| 700 | 1 |
_aЮнусов _bР.В. _gРустем Валентинович |
|
| 701 | 1 |
_aСалихов _bИ.Г. _gИльдар Газимджанович |
|
| 701 | 1 |
_aГабитов _bС.З. _gСалават Зарифович |
|
| 801 | 0 |
_aRU _bNLR _gpsbo |
|
| 801 | 1 |
_aRU _bELAR _2rusmarc |
|
| 852 |
_aNLR _j92-4/3637 |
||
| 942 | _cBOOK | ||
| 980 | _aNB | ||